000 00677nam a2200217 a 4500
999 _c1263
_d1263
001 1263
003 BD-JhCC
005 20171019092657.0
008 171017s1987 bg |||| |||| 000 0 ben d
035 _a(BD-JhCC)1263
040 _aBD-JhCC
_dBD-JhCC
041 _aben
082 _a891.443
_bSAB 1987
100 _aসাবের, মঈনুল আহসান
245 _aআগামী দিনের গল্প /
_cমঈনুল আহসান সাবের
260 _aঢাকা :
_bমুক্তধারা,
_c১৯৮৭.
300 _a১৯৭ পৃ. :
_c২১ সেমি.
650 _aBengali Novel
942 _2ddc
_cBK